Romantic Comedy Movies of the Last 25 Years Quiz Stats

 Plays Quiz Updated Jan 2, 2018

Score 0/25 Timer 08:00
2 Plays Today
% Correct
My Big Fat Greek Wedding
80.2%
Hitch
73.8%
10 Things I Hate About You
73.3%
Sleepless in Seattle
73%
There's Something About Mary
68.8%
27 Dresses
68.6%
How to Lose a Guy in 10 Days
66.6%
Bridget Jones's Diary
64.4%
She's the Man
63.8%
13 Going on 30
58.5%
Crazy, Stupid, Love.
56.9%
Four Weddings and a Funeral
56.6%
My Best Friend's Wedding
54.4%
% Correct
The Other Woman
51.7%
Love & Other Drugs
51%
Music and Lyrics
51%
While You Were Sleeping
48.9%
How to Be Single
45.2%
Warm Bodies
44.4%
The Duff
38.5%
What To Expect When You're Expecting
37.2%
High Fidelity
35.5%
One Fine Day
25.1%
He's Just Not That Into You
23.6%
Home Again
22.9%

You're not logged in!

Compare scores with friends on all Sporcle quizzes.
Join for Free
OR
Log In

You Might Also Like...

Show Comments

Extras

Top Quizzes Today


Score Distribution

Your Account Isn't Verified!

In order to create a playlist on Sporcle, you need to verify the email address you used during registration. Go to your Sporcle Settings to finish the process.

Report this User

Report this user for behavior that violates our Community Guidelines.

Details: